| 000 | 01603nam a2200301 a 4500 | ||
|---|---|---|---|
| 003 | AM-YeHGA | ||
| 005 | 20250617164520.0 | ||
| 008 | 200207s1962 ru a||||r|||||001|0|rus|| | ||
| 040 | _aAM-YeHGA | ||
| 041 | 0 | _arus | |
| 080 | _a621.91 (NLA) | ||
| 100 | 1 | _aВульфсон, Иосиф Алтерович | |
| 245 | 1 | 0 |
_aСтанки с программным управлением / _cИ.А. Вульфсон, М.С. Агурский ; Гос. ком. Совета Министров РСФСР по координации науч.-исслед. работ ; Гос. науч.-исслед. ин-т науч. и техн. информации. |
| 260 |
_aМосква : _bБ. и., _c1962. |
||
| 300 |
_a51 с. : _bил ; _c22 см. |
||
| 490 | 0 |
_aОбзор зарубежной техники _vТема 6 |
|
| 504 | _aБиблиогр.: с. 49-50 (53 назв.) | ||
| 650 | 1 | 4 | _aТехника |
| 650 | 1 | 4 | _aМашиностроение |
| 650 | 1 | 4 | _aОбработка резанием |
| 653 | 0 | _aМеталлорежущие станки - Программное управление | |
| 700 | 1 | _aАгурский, Михаил Самуилович | |
| 710 | 2 | _aГосударственный комитет Совета Министров РСФСР по координации научно-исследовательских работ | |
| 710 | 2 | _aГосударственный научно-исследовательский институт научной и технической информации | |
| 942 |
_2udc _cBK |
||
| 001 | 1690880 | ||
| 090 | _c532827 | ||
| 999 |
_c525599 _d525599 |
||